=LDR 00000nam 2200000 4500 =001 INLIS000000000001071 =005 20130612085501 =008 ***********************************Ind** =035 ##$$0010-061300000001071 =041 ##$$a Ind =082 ##$$a 745.5 =090 ##$$a 745.5, Ras-p =100 ##$$a RASJOYO =245 ##$$a Pendidikan seni rupa dan kerajinan tangan untuk SLTP, Rasjoyo =260 ##$$a Erlangga6a1996 $b Jakarta =300 ##$$a ...jil, ilus, 25 cm =650 ##$$a Kerajinan Tangan dan Seni Rupa =650 ##$$a SLTP =850 ##$$a NBPNMAT =990 ##$$a 0001/BPAP-NTB/2015